000 00321nam a22001337a 4500
008 171107b xxu||||| |||| 00| 0 eng d
020 _a639785387855
041 _aeng
080 _a330.322
100 _a63
101 _aINV
245 _aHOW TO GET STARTED IN ACTIVE TRADING & INVESTING
_cNASSAR,D.S
942 _2udc
_cBK
999 _c38113
_d38113